Objective Biotechnology for Competitive Examinations (Record no. 90132)
[ view plain ]
| 000 -LEADER | |
|---|---|
| fixed length control field | 00550nam a22001697a 4500 |
| 005 - DATE AND TIME OF LATEST TRANSACTION | |
| control field | 20260426020007.0 |
| 008 - FIXED-LENGTH DATA ELEMENTS--GENERAL INFORMATION | |
| fixed length control field | 260404b |||||||| |||| 00| 0 eng d |
| 020 ## - INTERNATIONAL STANDARD BOOK NUMBER | |
| International Standard Book Number | 9789354661075 |
| 040 ## - CATALOGING SOURCE | |
| Transcribing agency | SGVU |
| Modifying agency | SGVU |
| 082 ## - DEWEY DECIMAL CLASSIFICATION NUMBER | |
| Edition number | 22 |
| Classification number | 631.523 |
| Item number | SER O |
| 100 ## - MAIN ENTRY--PERSONAL NAME | |
| Personal name | Sengar RS and Amit Kumar |
| 9 (RLIN) | 39979 |
| 245 ## - TITLE STATEMENT | |
| Title | Objective Biotechnology for Competitive Examinations |
| Medium | English |
| 250 ## - EDITION STATEMENT | |
| Edition statement | 2 |
| 260 ## - PUBLICATION, DISTRIBUTION, ETC. | |
| Place of publication, distribution, etc. | New Delhi |
| Name of publisher, distributor, etc. | CBS Publisher & Book Distributors |
| Date of publication, distribution, etc. | 2023 |
| 650 ## - SUBJECT ADDED ENTRY--TOPICAL TERM | |
| Topical term or geographic name entry element | Objective Biotechnology |
| Geographic subdivision | India |
| 9 (RLIN) | 39980 |
| 942 ## - ADDED ENTRY ELEMENTS (KOHA) | |
| Source of classification or shelving scheme | Dewey Decimal Classification |
| Koha item type | Books |
| Edition | 2 |
| Classification part | 2 |
| Call number prefix | 631.523 SER O |
| Koha issues (borrowed), all copies | 1 |
| Withdrawn status | Lost status | Source of classification or shelving scheme | Damaged status | Not for loan | Home library | Current library | Date acquired | Source of acquisition | Cost, normal purchase price | Total Checkouts | Full call number | Barcode | Checked out | Date last seen | Date last checked out | Cost, replacement price | Price effective from | Koha item type |
|---|---|---|---|---|---|---|---|---|---|---|---|---|---|---|---|---|---|---|
| Dewey Decimal Classification | Suresh Gyan Vihar University Library | Suresh Gyan Vihar University Library | 04/04/2026 | CBS Publisher & Distributors | 995.00 | 1 | 631.523 SER O | G4737 | 09/05/2026 | 25/04/2026 | 25/04/2026 | 995.00 | 04/04/2026 | Books |




